Jam-e-Sifaal (Record no. 188052)
[ view plain ]
| 000 -LEADER | |
|---|---|
| fixed length control field | 00347 a2200145 4500 |
| 003 - CONTROL NUMBER IDENTIFIER | |
| control field | Nust |
| 005 - DATE AND TIME OF LATEST TRANSACTION | |
| control field | 20170207153532.0 |
| 040 ## - CATALOGING SOURCE | |
| Transcribing agency | Nust |
| 082 ## - DEWEY DECIMAL CLASSIFICATION NUMBER | |
| Classification number | 808.81 |
| 100 ## - MAIN ENTRY--PERSONAL NAME | |
| Personal name | Muhammad Ibn al hussan Syed |
| 245 ## - TITLE STATEMENT | |
| Title | Jam-e-Sifaal |
| Statement of responsibility, etc. | Muhammad Ibn al hussan Syed |
| Medium | |
| Number of part/section of a work | |
| Name of part/section of a work | MCS |
| 260 ## - PUBLICATION, DISTRIBUTION, ETC. | |
| Place of publication, distribution, etc. | Lahore |
| Name of publisher, distributor, etc. | Qoose Communications |
| 300 ## - PHYSICAL DESCRIPTION | |
| Extent | 120:p |
| 650 ## - SUBJECT ADDED ENTRY--TOPICAL TERM | |
| Topical term or geographic name entry element | Urdu Poetry |
| 942 ## - ADDED ENTRY ELEMENTS (KOHA) | |
| Source of classification or shelving scheme | |
| Koha item type | Book |
| Withdrawn status | Lost status | Source of classification or shelving scheme | Damaged status | Not for loan | Collection code | Permanent Location | Current Location | Date acquired | Total Checkouts | Full call number | Barcode | Date last seen | Price effective from | Koha item type |
|---|---|---|---|---|---|---|---|---|---|---|---|---|---|---|
| Military College of Signals (MCS) | Military College of Signals (MCS) | 12/12/2016 | 808.81 HAS | MCS34107 | 12/08/2016 | 12/12/2016 | Book |
